Statistics for Billboard Hot 100 Year-End Singles Of 2012

Click here to take the quiz!

General Stats

  • This quiz has been taken 527 times
  • The average score is 60 of 100

Answer Stats

#SongArtist% Correct
18One More NightMaroon 5
98%
36Moves Like JaggerMaroon 5 featuring Christina Aguilera
98%
4PayphoneMaroon 5 featuring Wiz Khalifa
98%
12Set Fire To The RainAdele
97%
64Rumor Has ItAdele
97%
43Someone Like YouAdele
97%
71Rolling In The DeepAdele
97%
21Where Have You BeenRihanna
96%
89You Da OneRihanna
96%
94DiamondsRihanna
96%
8We Found LoveRihanna featuring Calvin Harris
96%
79Birthday CakeRihanna featuring Chris Brown
96%
13Sexy And I Know ItLMFAO
94%
29Party Rock AnthemLMFAO featuring Lauren Bennett & GoonRock
94%
47Gangnam StylePSY
94%
9StarshipsNicki Minaj
93%
75Pound The AlarmNicki Minaj
93%
38Good TimeOwl City & Carly Rae Jepsen
93%
33We Are Never Ever Getting Back TogetherTaylor Swift
92%
2Call Me MaybeCarly Rae Jepsen
91%
1Somebody That I Used To KnowGotye featuring Kimbra
91%
14Some NightsFun.
89%
3We Are YoungFun. featuring Janelle Monae
89%
41The One That Got AwayKaty Perry
89%
31Part Of MeKaty Perry
89%
15Wide AwakeKaty Perry
89%
7Stronger (What Doesn't Kill You)Kelly Clarkson
89%
16Good FeelingFlo Rida
87%
17WhistleFlo Rida
87%
11Wild OnesFlo Rida featuring Sia
87%
28BoyfriendJustin Bieber
86%
34As Long As You Love MeJustin Bieber featuring Big Sean
86%
10What Makes You BeautifulOne Direction
86%
35Turn Me OnDavid Guetta featuring Nicki Minaj
81%
24TitaniumDavid Guetta featuring Sia
81%
50Without YouDavid Guetta featuring Usher
81%
40N****s In ParisKanye West & Jay-Z
79%
85Die YoungKe$ha
78%
20The MottoDrake featuring Lil Wayne
70%
23Take CareDrake featuring Rihanna
70%
42Feel So CloseCalvin Harris
69%
65Let's GoCalvin Harris featuring Ne-Yo
69%
83Love You Like A Love SongSelena Gomez & The Scene
69%
39Give Your Heart A BreakDemi Lovato
68%
37Blow Me (One Last Kiss)P!nk
68%
62Back In TimePitbull
67%
48International LovePitbull featuring Chris Brown
67%
26It Will RainBruno Mars
66%
27MercyKanye West, Big Sean, Pusha T & 2 Chainz
66%
68Ho HeyThe Lumineers
64%
46DominoJessie J
63%
5LightsEllie Goulding
62%
6Glad You CameThe Wanted
62%
69ParadiseColdplay
61%
56Don't Wake Me UpChris Brown
60%
84Turn Up The MusicChris Brown
60%
32Young, Wild & FreeSnoop Dogg & Wiz Khalifa featuring Bruno Mars
60%
8150 Ways To Say GoodbyeTrain
60%
19Drive ByTrain
60%
87A Thousand YearsChristina Perri
59%
72ClimaxUsher
58%
44ScreamUsher
58%
74Let Me Love You (Until You Learn To Love Yourself)Ne-Yo
56%
61Stereo HeartsGym Class Heroes featuring Adam Levine
51%
51Ass Back HomeGym Class Heroes featuring Neon Hitch
51%
73Work Hard, Play HardWiz Khalifa
51%
22Everybody TalksNeon Trees
43%
55Want U BackCher Lloyd
41%
25I Won't Give UpJason Mraz
38%
45Rack CityTyga
37%
57Dance (A$$)Big Sean
36%
66Good GirlCarrie Underwood
34%
70Blown AwayCarrie Underwood
34%
91It's TimeImagine Dragons
34%
49HomePhillip Phillips
32%
97AdornMiguel
27%
53Drunk On YouLuke Bryan
26%
93I Don't Want This Night To EndLuke Bryan
26%
59BrokenheartedKarmin
25%
54No Lie2 Chainz featuring Drake
24%
30Too CloseAlex Clare
24%
80So GoodB.o.B.
23%
82Red Solo CupToby Keith
23%
865 O'ClockT-Pain featuring Wiz Khalifa & Lily Allen
23%
63Work OutJ. Cole
22%
52WantedHunter Hayes
19%
88Take A Little RideJason Aldean
18%
98Fly Over StatesJason Aldean
18%
100Burn It DownLinkin Park
18%
60Not Over YouGavin DeGraw
16%
67PontoonLittle Big Town
16%
77Heart AttackTrey Songz
16%
92Cashin' OutCash Out
15%
90We Run The NightHavana Brown featuring Pitbull
14%
78Drank In My CupKirko Bangz
14%
58SpringsteenEric Church
13%
76Come OverKenny Chesney
12%
99Even If It Breaks Your HeartEli Young Band
11%
96Somethin' 'Bout A TruckKip Moore
9%
95Hard To LoveLee Brice
9%

Score Distribution

Percentile by Number Answered

Percent of People with Each Score

Your Score History

You have not taken this quiz